000 00275nam a22001217a 4500
008 190314b xxu||||| |||| 00| 0 eng d
041 _aeng
080 _a043.3
100 _a0
101 _aMBE-BA
245 _aMenaxhimi i Biznesit te vogel
_cMormorina, D
942 _2udc
_cBK
999 _c54818
_d54818